000 00419 a2200109 4500
001 ART_18439
005 20260410161702.0
008 260409a
245 1 0 _aRégimen de información sobre acciones, participaciones sociales y cuotas partes, de sus transferencias o cesiones y del cambio de autoridades.
100 1 _aFerraro, Ricardo H.
773 0 _tRevista Impuestos
_g- Nº 5 (may. 2012)
_wREV639
999 _c15243
_d15243